000
00283nam a22001217a 4500
008
180504b xxu||||| |||| 00| 0 eng d
041
_a
eng
080
_a
043.3
100
_a
0
101
_a
SHKI-BTH
245
_a
Windows authentication, RFID Security
_c
Rexhepi,Sh
942
_2
udc
_c
BK
999
_c
45667
_d
45667